000 00859na a2200265 4500
001 15623
003 MIRAKIL
005 20181213155251.0
008 160918b tu 000 0
020 _a9759514826
035 _a15623
040 _aMilas
_btur
_cTR-AnCHP
082 _a324.2183
_bK26b
090 _a324.2183 K26b 1995
100 _aKaptanoğlu, Selim
_d1949 -
245 _a12 Eylül'de Türkeş
_bDoktoru Selim Kaptanoğlu anlatıyor
_cSelim Kaptanoğlu, hazırlayan ; İrfan Ülkü
246 _aDoktoru Selim Kaptanoğlu anlatıyor
260 _aİstanbul
_bKamer yayınları
_c1995
300 _a111 s.
_c21 sm.
600 _aTürkeş, Alparslan
_d1917 - 1997
_xAnılar
650 _aSiyasi ideolojiler
_xUlusalcılık
_zTürkiye
650 _aAskeri darbeler
_x12 Eylül 1980
_zTürkiye
700 _aÜlkü, İrfan
942 _2dcc
_cBKS
999 _c9553
_d9553